000 01426nam a2200301 4500
001 0000017483
003 CO-CtgCURN
005 20250516163010.0
007 ta
008 160627s2000 000 0 eng d
020 _a9586761053
040 _aCO-CtgCURN
_bspa
_ccoctgcurn
082 0 _a347.8610
_bC15n
100 1 _aCanosa Torrado, Fernando.
245 1 0 _aNulidades en procesos de ejecucion y en los que haya remate de bienes :
_bnulidad por librarse ejecucion, sin que se haya cumplido el tramite prescrito por el articulo 1434 del Código Civil /
_cFernando Canosa Torrado.
260 _aBogotá :
_bEdiciones Doctrina y Ley,
_c2000.
300 _a160 p.
336 _2rdacontent
337 _2rdamedia
_asin mediacion
_bn
338 _2rdacarrier
_avolumen
_bnc
504 _aBbliografia (p. [159]-160)
505 8 _aNulidades en los procesos de ejecucion y en los que haya remate de bienes.--Causal de nulidad por librarse ejecucion despues de la muerte del deudor, sin que haya cumplido el tramite previsto por el articulo 1434 del Código civil.--Causal de nulidad por la falta de las formalidades prescritas para hacer el remate de bienes
650 1 4 _aNulidad (Derecho civil)
_zColombia.
908 _a160627
942 _cBK
_h347.8610
_iC15n
_2ddc
_n0
999 _c34142
_d34142